| 000 | 00784nam a2200217Ii 4500 | ||
|---|---|---|---|
| 003 | JO-AjNU | ||
| 008 | 230605s9999||||xx |||||||||||||| ||und|| | ||
| 020 | _a978-977-308-659-6 | ||
| 040 |
_aJO-AjNU _bara _erda _cJO-AjNU |
||
| 041 | _aara | ||
| 050 | 1 | 4 | _aCB357.ِA5734 2020 |
| 100 | 3 |
_aالأنصاري، احمد توفيق محمد, _eauthor _961838 |
|
| 245 | 0 | 0 | _aتاريخ الحضارة الأوروبية |
| 264 | 3 | 1 | _aدسوق: دار العلم والايمان؛ الجزائر: دار الجديد للنشر والتوزيع،2021 |
| 300 | _a418ص | ||
| 336 |
_atext _btxt _2rdacontent |
||
| 337 |
_aunmediated _bn _2rdamedia |
||
| 338 |
_avolume _bnc _2rdacarrier |
||
| 490 | 0 | _aسلسلة كنوز الحضارة | |
| 650 | 4 |
_aالحضارة- تاريخ _961839 |
|
| 999 |
_aA27972 _c31540 _d31540 |
||